Diseño de un modelo de negocio de entretenimiento alternativo que potencia la experiencia de una cafetería con oferta de bebidas especializadas y café artesanal
Kaydedildi:
| Yazar: | |
|---|---|
| Diğer Yazarlar: | , , |
| Materyal Türü: | Kitap |
| Dil: | Spanish |
| Baskı/Yayın Bilgisi: |
[San José, Costa Rica]
2019
|
| Konular: | |
| Etiketler: |
Etiketle
Etiket eklenmemiş, İlk siz ekleyin!
|
MARC
| LEADER | 00000nam a2200000Ia 4500 | ||
|---|---|---|---|
| 003 | 013781 | ||
| 005 | 20240311100640.0 | ||
| 008 | 140114s2019 cr a 000 ||spa d | ||
| 040 | |c cru CEDI | ||
| 100 | |a Arce Alvarado, Raquel, 1995- |9 2556 | ||
| 245 | |a Diseño de un modelo de negocio de entretenimiento alternativo que potencia la experiencia de una cafetería con oferta de bebidas especializadas y café artesanal | ||
| 260 | |a [San José, Costa Rica] |c 2019 | ||
| 500 | |a Proyecto de graduación (licenciatura en ingeniería industrial)--Universidad de Costa Rica. Facultad de Ingeniería. Escuela de Ingeniería Industrial | ||
| 501 | |a Directora de Proyecto de Graduación: Ing. Adriana Lizano Fernández | ||
| 650 | |x NEGOCIOS - DISEÑO |x OFERTA Y DEMANDA |x DISEÑO DE PRODUCTOS - ESTUDIO DE CASOS |x ANALISIS DE MERCADEO |x SEGMENTACION DEL MERCADO |x ANALISIS DE COSTOS | ||
| 700 | |a Salazar Ramírez, Gonzalo, 1992- |9 2559 | ||
| 700 | |a Valverde Vega, María José |9 2560 | ||
| 700 | |a Lizano Fernández, Adriana ,1980- |d Directora del TFG |9 2557 | ||
| 942 | |c TFG |h TFG 8922 |i 013781 |6 TFG_8922_013781000000000 | ||
| 999 | |c 12891 |d 12891 | ||
